000
00265nam a2200097Ia 4500
005
20251222114410.0
008
251222s1900||||xx |||||||||||||| ||spa||
082
_a
DVD0150/C24/2010/Ej.2
245
0
_a
Saint Philip Neri, i prefer heaven:Prefiero el paraĆso
942
_c
DVD
999
_c
2008
_d
2008